000 00506nam a2200169Ia 4500
008 151021s9999 xx 000 0 und d
020 _a618496521
050 _aHF5635.N33 2005
245 _a_Financial &Managerial accounting(7th ed) Belverd E Needles
260 _aBoston Houghton Mifflin company 2005
300 _axx,1297p.;ill
500 _aIncludes index
500 _aIncludes index
650 _a_Financial accounting
700 _a_Marian Powers
980 _a^d20130513 01:59:56^oanne
999 _c13212
_d13212